Città del Veneto - Morte Improvvisa - Statistics

Statistiche generali
  • Questo quiz è stato fatto 672 volte
  • Il punteggio medio è 9 su 16
Answers on the Grid
Answers color-coded by a green-red scale on the quiz's grid according to % correct below.
Padova
Udine
Trieste
Treviso
Garda
Abano Terme
Folgaria
Bergamo
Sappada
Vicenza
Marostica
Desenzano del Garda
Ravenna
Asiago
Venezia
Mantova
Sassuolo
Piove di Sacco
Rovigo
Ferrara
Lignano Sabbiadoro
Chioggia
Piacenza
Verona
Caorle
Cesena
Bassano del Grappa
Belluno
Fermo
Jesolo
 
Statistiche sulle risposte
Risposta % Corretto
Padova
97%
Treviso
82%
Vicenza
69%
Abano Terme
58%
Venezia
55%
Rovigo
52%
Asiago
51%
Jesolo
48%
Bassano del Grappa
47%
Verona
47%
Belluno
46%
Chioggia
42%
Marostica
42%
Caorle
41%
Garda
40%
Piove di Sacco
35%
Nessun quiz corrispondente trovato
Distribuzione punteggi
Percentuale di utenti per punteggio
Percentile per numero di risposta
I tuoi punteggi nel tempo
Non hai fatto questo quiz